[Event "FIDE World Rapid Team"]
[Site "Almaty KAZ"]
[Date "2024.08.02"]
[Round "1.29"]
[White "Tregubenko, Nikolay"]
[Black "Anvar, Sultan"]
[Result "1-0"]
[WhiteElo "2023"]
[BlackElo "1529"]
[WhiteTeam "Rookies"]
[BlackTeam "Baiterekchess"]
[WhiteFideId "34358978"]
[BlackFideId "13783815"]
[EventDate "2024.08.02"]

1. e4 e5 2. Nf3 Nc6 3. d4 exd4 4. Nxd4 Nf6 5. Nxc6 bxc6 6. Nc3 Bb4 7. Bd3 O-O 8.
O-O d5 9. exd5 cxd5 10. Bg5 c6 11. Qf3 Bd6 12. h3 h6 13. Bf4 Re8 14. Rfe1 Be6
15. Rad1 Rb8 16. b3 Bxf4 17. Qxf4 Qd7 18. Na4 Qe7 19. Qd4 Rb4 20. Qc3 Rh4 21.
Qxc6 Qb4 22. Qc3 Qf4 23. Qe5 Qb4 24. Qc3 Qd6 25. Qe5 Qb4 26. c3 Qa5 27. Re3 Bd7
28. Qg3 Rxe3 29. Qxh4 Re8 30. Qb4 Qxb4 31. cxb4 Rb8 32. a3 a5 33. bxa5 Rxb3 34.
Nc5 Rxa3 35. a6 Bc6 36. Bf1 Ra5 37. Nb3 Ra3 38. Nd4 Ba8 39. Rb1 Nd7 40. Rc1 Nb6
41. Rc7 Ra4 42. Nf5 Kf8 43. Nd6 Ra1 44. Rxf7+ Kg8 45. Rf4 Bc6 46. Rb4 Nd7 47.
Nf5 Kf7 48. Nd4 Ba8 49. g3 Ke7 50. Kg2 Ne5 51. Rb8 Nc6 52. Nf5+ Kf6 53. Rf8+ Ke6
54. Nxg7+ Ke7 55. Rxa8 Kf6 56. Nh5+ Ke7 57. Nf4 Kd6 58. Rh8 Kc5 59. Rxh6 Nb4 60.
Nd3+ Nxd3 61. Bxd3 Ra3 62. Be2 d4 63. h4 Ra2 64. Bf1 Ra3 65. h5 d3 66. Bxd3 Rxd3
67. a7 Ra3 68. Rh7 Kb6 69. h6 Ra4 70. Rg7 Ra5 71. h7 Rxa7 72. Rxa7 Kxa7 73. h8=Q
Kb6 74. Kf3 Kc7 75. Ke4 Kb6 76. Kd5 Kb7 77. Kc5 Kc7 78. Qg7+ Kd8 79. Kd6 Kc8 80.
Qc7# 1-0

[Event "FIDE World Rapid Team"]
[Site "Almaty KAZ"]
[Date "2024.08.02"]
[Round "1.30"]
[White "Zhankarayeva, Zhansaya"]
[Black "Berikkyzy Alanna"]
[Result "1-0"]
[BlackTitle "WCM"]
[WhiteElo "1402"]
[BlackElo "1869"]
[WhiteTeam "Baiterekchess"]
[BlackTeam "Rookies"]
[WhiteFideId "13781804"]
[BlackFideId "13780719"]
[EventDate "2024.08.02"]

1. e4 c5 2. Nf3 Nc6 3. d4 cxd4 4. Nxd4 Nf6 5. Nc3 d6 6. Nxc6 bxc6 7. Bd3 e5 8.
O-O Be7 9. h3 O-O 10. f4 exf4 11. Bxf4 Qb6+ 12. Kh1 Qxb2 13. Qd2 Qb6 14. e5 dxe5
15. Bxe5 c5 16. Qg5 h6 17. Qg3 Qe6 18. Bxf6 Bxf6 19. Rae1 Qc6 20. Be4 Qa6 21.
Bxa8 Bxh3 22. Qxh3 Rxa8 23. Qg3 Rf8 24. Nd5 Bd8 25. Ne3 Qxa2 26. Nf5 Qb2 27.
Nxh6+ Kh7 28. Nxf7 Qb5 29. Qh3+ Kg6 30. Qg4+ Kh7 31. Qh5+ 1-0

[Event "FIDE World Rapid Team"]
[Site "Almaty KAZ"]
[Date "2024.08.02"]
[Round "1.31"]
[White "Yermekov, Kairat"]
[Black "Bilguun, Sumiya"]
[Result "0-1"]
[BlackTitle "GM"]
[WhiteElo "2076"]
[BlackElo "2470"]
[WhiteTeam "VKO Team"]
[BlackTeam "Hunnu Air"]
[WhiteFideId "13702203"]
[BlackFideId "4901541"]
[EventDate "2024.08.02"]

1. d4 d5 2. c4 e6 3. Nc3 a6 4. Nf3 dxc4 5. a4 c5 6. e3 Nc6 7. Bxc4 cxd4 8. exd4
Nf6 9. O-O Nb4 10. Qe2 Be7 11. Rd1 O-O 12. Bg5 h6 13. Bh4 Nbd5 14. Ne5 Nxc3 15.
bxc3 Nd5 16. Bxe7 Nxe7 17. Bd3 Nd5 18. Qd2 Qc7 19. c4 Nf6 20. a5 Rd8 21. Qb2 Bd7
22. Qb6 Qc8 23. Rab1 Bc6 24. Nxc6 bxc6 25. c5 Nd5 26. Qb7 Nc3 0-1

[Event "FIDE World Rapid Team"]
[Site "Almaty KAZ"]
[Date "2024.08.02"]
[Round "1.32"]
[White "Munkhdalai, Amilal"]
[Black "Nyshanbayev, Bolat"]
[Result "1-0"]
[WhiteTitle "IM"]
[WhiteElo "2374"]
[BlackElo "2091"]
[WhiteTeam "Hunnu Air"]
[BlackTeam "VKO Team"]
[WhiteFideId "4903250"]
[BlackFideId "13704435"]
[EventDate "2024.08.02"]

1. e4 d6 2. d4 Nf6 3. Nc3 e5 4. Nf3 Nbd7 5. h3 Be7 6. Be3 O-O 7. Bc4 c6 8. a4 a5
9. O-O Nb6 10. Ba2 Nfd7 11. Qe2 Bf6 12. Rfd1 Qe7 13. Rd2 Re8 14. Rad1 exd4 15.
Bxd4 Bxd4 16. Rxd4 Nc5 17. Qd2 Be6 18. Bxe6 fxe6 19. b3 d5 20. e5 Nbd7 21. Re1
Rf8 22. Nh2 Rf5 23. f4 Raf8 24. g3 g5 25. Ng4 Qg7 26. Kh2 Qg6 27. Qe3 h5 28. Nf2
Nxe5 29. Nh1 Ned7 30. Rdd1 e5 31. fxg5 d4 32. Qe2 dxc3 33. h4 Kh7 34. Rg1 Rf3
35. Rg2 Qf5 36. Rd6 Rf7 37. g6+ Kg7 38. gxf7 Ne4 39. Rxd7 Nf6 40. Rd3 Ng4+ 41.
Kg1 e4 42. Rxf3 exf3 43. Qe7 1-0

[Event "FIDE World Rapid Team"]
[Site "Almaty KAZ"]
[Date "2024.08.02"]
[Round "1.33"]
[White "Shevchenko, Alexandr"]
[Black "Agibileg, Uurtsaikh"]
[Result "0-1"]
[BlackTitle "IM"]
[WhiteElo "1814"]
[BlackElo "2411"]
[WhiteTeam "VKO Team"]
[BlackTeam "Hunnu Air"]
[WhiteFideId "13756478"]
[BlackFideId "4901606"]
[EventDate "2024.08.02"]

1. e4 c5 2. Nf3 e6 3. d4 cxd4 4. Nxd4 Nc6 5. Nc3 a6 6. Be3 Nf6 7. a3 d6 8. f3
Be7 9. Qd2 e5 10. Nb3 O-O 11. O-O-O b5 12. g4 b4 13. axb4 Nxb4 14. g5 Nh5 15. h4
a5 16. Na4 Be6 17. Bb6 Qe8 18. Nc3 a4 19. Bb5 axb3 20. cxb3 Qxb5 21. Nxb5 0-1

[Event "FIDE World Rapid Team"]
[Site "Almaty KAZ"]
[Date "2024.08.02"]
[Round "1.34"]
[White "Chinguun, Sumiya"]
[Black "Sadybekov, Adilzhan"]
[Result "1-0"]
[WhiteTitle "FM"]
[WhiteElo "2389"]
[BlackElo "1674"]
[WhiteTeam "Hunnu Air"]
[BlackTeam "VKO Team"]
[WhiteFideId "4902572"]
[BlackFideId "13764799"]
[EventDate "2024.08.02"]

1. e4 e6 2. d4 d5 3. Nc3 Bb4 4. e5 c5 5. a3 Bxc3+ 6. bxc3 Qc7 7. Bd3 Ne7 8. Qg4
cxd4 9. Ne2 Ng6 10. cxd4 Bd7 11. h4 Rg8 12. h5 Nf8 13. h6 g6 14. O-O Ba4 15. Bg5
Nfd7 16. Nf4 Nf8 17. Bh4 Nbd7 18. Nh5 Qc3 19. Ng7+ Rxg7 20. hxg7 f5 21. g8=Q
fxg4 22. Qg7 g5 23. Bxg5 Nf6 24. Bxf6 1-0

[Event "FIDE World Rapid Team"]
[Site "Almaty KAZ"]
[Date "2024.08.02"]
[Round "1.35"]
[White "Serikov, Merey"]
[Black "Mungunzul, Bat-Erdene"]
[Result "0-1"]
[BlackTitle "WCM"]
[WhiteElo "1616"]
[BlackElo "2224"]
[WhiteTeam "VKO Team"]
[BlackTeam "Hunnu Air"]
[WhiteFideId "13734067"]
[BlackFideId "4902831"]
[EventDate "2024.08.02"]

1. d4 d5 2. c4 c6 3. Nf3 Nf6 4. Nc3 a6 5. e3 Bf5 6. cxd5 cxd5 7. Bd3 Bxd3 8.
Qxd3 Nc6 9. O-O e6 10. Bd2 Bd6 11. Rfe1 O-O 12. Rad1 Bb4 13. Na4 Ne4 14. a3 Bd6
15. b4 f5 16. Nc5 Qe7 17. Qe2 g5 18. g3 Rf7 19. Rf1 Raf8 20. h4 gxh4 21. Nxe4
fxe4 22. Nxh4 Qg5 23. Kg2 Ne7 24. Be1 Bxg3 25. Ra1 0-1

[Event "FIDE World Rapid Team"]
[Site "Almaty KAZ"]
[Date "2024.08.02"]
[Round "1.36"]
[White "Erkhembayar, Amartaivan"]
[Black "Tulekenova, Aiza"]
[Result "1-0"]
[WhiteElo "1962"]
[BlackElo "1581"]
[WhiteTeam "Hunnu Air"]
[BlackTeam "VKO Team"]
[WhiteFideId "4904800"]
[BlackFideId "13763881"]
[EventDate "2024.08.02"]

1. d4 Nf6 2. Nc3 d5 3. Bf4 e6 4. e3 Bd6 5. Bg3 O-O 6. Nf3 c5 7. Bd3 Nc6 8. dxc5
Bxc5 9. O-O Re8 10. Ne5 Nxe5 11. Bxe5 Nd7 12. Bg3 Nf6 13. Bh4 Be7 14. Ne2 Bd7
15. c3 Qb6 16. Qb3 Qxb3 17. axb3 a6 18. b4 h6 19. Ra5 Bd8 20. Ra3 b5 21. Rfa1
Bc8 22. Bxb5 Re7 23. Bxf6 gxf6 24. Bxa6 e5 25. Bxc8 Rxc8 26. Ng3 Bb6 27. Nf5
Rec7 28. Ra6 Rb8 29. Ra8 Rxa8 30. Rxa8+ Kh7 31. Ra6 Rb7 32. g4 d4 33. exd4 exd4
34. cxd4 Bd8 35. Rd6 Bc7 36. Rxf6 Bf4 37. h4 Rxb4 38. Rxf7+ Kg6 39. Rf8 Kh7 40.
Kg2 Rxb2 41. Ne7 Be3 42. Rf7+ Kh8 43. d5 Bc5 44. g5 hxg5 45. hxg5 Re2 46. Ng6+
Kg8 47. Rf5 Kg7 48. Nh4 Re4 49. Kg3 Bd6+ 50. f4 Re3+ 51. Kg4 Re1 52. Rf6 Rg1+
53. Kh5 Bc5 54. Nf5+ Kh7 55. Rf7+ Kg8 56. Nh6+ Kh8 57. Kg6 Rxg5+ 58. fxg5 Be7
59. Rh7# 1-0

[Event "FIDE World Rapid Team"]
[Site "Almaty KAZ"]
[Date "2024.08.02"]
[Round "1.37"]
[White "Utegaliyev, Azamat"]
[Black "Balguzhinov, Bakhyt"]
[Result "1-0"]
[WhiteElo "2418"]
[BlackElo "2155"]
[WhiteTeam "Greco"]
[BlackTeam "Chessacademy_pvl"]
[WhiteFideId "13702467"]
[BlackFideId "13703854"]
[EventDate "2024.08.02"]

1. e4 e5 2. Bc4 Nf6 3. d3 d5 4. exd5 Nxd5 5. Nf3 Nc6 6. O-O Nb6 7. Bb5 Bd6 8.
Re1 O-O 9. Bxc6 bxc6 10. Nxe5 Qf6 11. Nf3 c5 12. Nc3 Bb7 13. Ne4 Qg6 14. Nh4 Qe6
15. Nxd6 Qxd6 16. Qg4 Bc8 17. Qg3 Qf6 18. Bf4 Be6 19. Bxc7 Nd7 20. b3 Rfe8 21.
Nf3 Qc3 22. Rac1 Bd5 23. Kf1 Rxe1+ 24. Nxe1 Re8 25. Bf4 Nf6 26. Be3 h5 27. h3
Qb2 28. Qf4 Ba8 29. Bxc5 Nd5 30. Bd4 Qxa2 31. Qg5 f6 32. Qxh5 Re7 33. Ra1 Nf4
34. Qc5 Rxe1+ 35. Kxe1 Nxg2+ 36. Kd2 1-0

[Event "FIDE World Rapid Team"]
[Site "Almaty KAZ"]
[Date "2024.08.02"]
[Round "1.38"]
[White "Prokoptsov, Mikhail"]
[Black "Aligozhin, Zhaslan"]
[Result "0-1"]
[BlackTitle "FM"]
[WhiteElo "1702"]
[BlackElo "2333"]
[WhiteTeam "Chessacademy_pvl"]
[BlackTeam "Greco"]
[WhiteFideId "447005122"]
[BlackFideId "13702734"]
[EventDate "2024.08.02"]

1. f4 Nf6 2. Nf3 d5 3. g3 g6 4. Bg2 Bg7 5. O-O O-O 6. d3 b6 7. Re1 Bb7 8. Nbd2
c5 9. Ne5 Nc6 10. Nxc6 Bxc6 11. e4 dxe4 12. dxe4 Qc7 13. Qe2 b5 14. Rb1 Rad8 15.
e5 Nd5 16. Ne4 c4 17. Bd2 Nb6 18. b3 Ba8 19. Be3 Rc8 20. Bf2 Rfd8 21. Red1 Bd5
22. Rd2 Ba8 23. Rbd1 Rxd2 24. Qxd2 Bd5 25. Kh1 Rd8 26. h3 Rd7 27. Qe2 Bc6 28.
Rxd7 Qxd7 29. Bxb6 axb6 30. bxc4 b4 31. Kh2 h6 32. Qf2 Qc7 33. Qd4 Ba4 34. Qd3
Bd7 35. Bf1 Bc6 36. Bg2 Bd7 37. c3 bxc3 38. Nxc3 e6 39. Ne4 Qa7 40. Qd6 Be8 41.
Qd8 Qd7 42. Qxb6 Qa4 43. Nd6 Bd7 44. Qd8+ Kh7 45. Ne4 Bc6 46. Nf6+ Bxf6 47. exf6
Qc2 48. Qd5 exd5 49. cxd5 Bxd5 0-1

[Event "FIDE World Rapid Team"]
[Site "Almaty KAZ"]
[Date "2024.08.02"]
[Round "1.39"]
[White "Askarov, Bakhtiyar"]
[Black "Derksen, Vadim"]
[Result "1-0"]
[WhiteTitle "IM"]
[WhiteElo "2280"]
[BlackElo "1735"]
[WhiteTeam "Greco"]
[BlackTeam "Chessacademy_pvl"]
[WhiteFideId "13701100"]
[BlackFideId "13737244"]
[EventDate "2024.08.02"]

1. d4 Nf6 2. Nf3 e6 3. g3 c5 4. Bg2 cxd4 5. Nxd4 d5 6. O-O Be7 7. c4 O-O 8. cxd5
Nxd5 9. e4 Nf6 10. Nc3 e5 11. Ndb5 Qxd1 12. Rxd1 Nc6 13. Nd5 b6 14. Bd2 Bg4 15.
Rdc1 Nxd5 16. exd5 Nd4 17. d6 Bxd6 18. Nxd6 Rad8 19. Bb4 Ne2+ 20. Kf1 Nxc1 21.
Rxc1 Rb8 22. Rc7 a5 23. Ba3 Be6 24. b3 Rfd8 25. Ke2 b5 26. Bc5 a4 27. Ba7 Ra8
28. Bxa8 axb3 29. axb3 Rxa8 30. b4 Rd8 31. Nxb5 e4 32. Nd4 Bg4+ 33. Ke3 Bh5 34.
b5 f5 35. b6 g5 36. b7 f4+ 37. gxf4 gxf4+ 38. Kxf4 Rf8+ 39. Kg5 e3 40. Nf5 exf2
41. Nh6+ Kh8 42. Bd4+ Rf6 43. b8=R+ 1-0

[Event "FIDE World Rapid Team"]
[Site "Almaty KAZ"]
[Date "2024.08.02"]
[Round "1.40"]
[White "Ivlev, Andrey"]
[Black "Suleyev, Alen"]
[Result "0-1"]
[BlackTitle "FM"]
[WhiteElo "1578"]
[BlackElo "2084"]
[WhiteTeam "Chessacademy_pvl"]
[BlackTeam "Greco"]
[WhiteFideId "13747991"]
[BlackFideId "13707213"]
[EventDate "2024.08.02"]

1. e4 Nf6 2. e5 Nd5 3. d4 d6 4. Nf3 Nb6 5. exd6 cxd6 6. Be2 g6 7. b3 Bg7 8. Bb2
O-O 9. O-O d5 10. Nbd2 Nc6 11. a4 a6 12. h3 Bf5 13. Nb1 Rc8 14. Na3 Nb4 15. Rc1
Na2 16. Ra1 Nc3 17. Qd2 Nxe2+ 18. Qxe2 Qc7 19. Ne1 Rfe8 20. Nd3 Bxd3 21. Qxd3
Nd7 22. Rfe1 e6 23. Qd2 Nc5 24. Rab1 Ne4 25. Qe3 Nd6 26. Rbc1 Nf5 27. Qd3 Qf4
28. Red1 Red8 29. Nb1 h5 30. Qd2 Qxd2 31. Nxd2 Bxd4 32. Bxd4 Nxd4 33. c3 Ne2+
34. Kf1 Nxc1 35. Rxc1 b5 36. axb5 axb5 37. Ke2 Ra8 38. Rc2 e5 39. Nf3 f6 40. Ke3
Kf7 41. h4 Ke6 42. Ke2 Rdc8 43. Kd2 b4 44. cxb4 Rxc2+ 45. Kxc2 Ra2+ 46. Kc3 Rxf2
47. b5 Kd6 48. Kb4 Rxg2 49. Ne1 Rg4+ 50. Ka5 g5 51. b6 gxh4 52. Ka6 Rb4 53. Nc2
Rxb3 54. b7 Kc7 55. Ne3 Rxe3 56. b8=Q+ Kxb8 57. Ka5 Rb3 58. Ka6 Rb7 59. Ka5 h3
60. Ka6 h2 61. Ka5 h1=Q 62. Ka6 Qa1# 0-1

[Event "FIDE World Rapid Team"]
[Site "Almaty KAZ"]
[Date "2024.08.02"]
[Round "1.41"]
[White "Nasybullina, Alfia"]
[Black "Semenov, Miroslav"]
[Result "1-0"]
[WhiteTitle "WIM"]
[WhiteElo "2034"]
[BlackElo "1512"]
[WhiteTeam "Greco"]
[BlackTeam "Chessacademy_pvl"]
[WhiteFideId "4132416"]
[BlackFideId "447010525"]
[EventDate "2024.08.02"]

1. e4 c5 2. Nf3 e6 3. c3 Nf6 4. d3 Nc6 5. Nbd2 Be7 6. g3 O-O 7. Bg2 d5 8. O-O h6
9. e5 Nd7 10. d4 Qb6 11. Nb3 cxd4 12. cxd4 a5 13. Be3 a4 14. Nc1 Qxb2 15. Nd3
Qb6 16. Nf4 Re8 17. Nh4 Na5 18. Nh5 f5 19. Nxg7 Kxg7 20. Qh5 Rh8 21. Rab1 Qd8
22. Qg6+ Kf8 23. Bxh6+ Rxh6 24. Qxh6+ Kf7 25. Qh5+ Kg7 26. Qg6+ Kf8 27. Nxf5
Nxe5 28. Qg7+ Ke8 29. Nxe7 Qxe7 30. Qxe5 Nc4 31. Qh8+ Kd7 32. Rfe1 Qf7 33. Bf1
Nd2 34. Bb5+ Ke7 35. Qh4+ Kd6 36. Qd8+ Bd7 37. Qxa8 Bxb5 38. Rxb5 Nf3+ 39. Kh1
Kc6 40. Rc5+ Kb6 41. Qa5# 1-0

[Event "FIDE World Rapid Team"]
[Site "Almaty KAZ"]
[Date "2024.08.02"]
[Round "1.42"]
[White "Sembay, Aisana"]
[Black "Kabylbek, Yedil"]
[Result "0-1"]
[WhiteElo "1527"]
[BlackElo "1857"]
[WhiteTeam "Chessacademy_pvl"]
[BlackTeam "Greco"]
[WhiteFideId "13791281"]
[BlackFideId "13744658"]
[EventDate "2024.08.02"]

1. e4 c5 2. Nf3 a6 3. d4 cxd4 4. Nxd4 Nf6 5. Nc3 e5 6. Nf3 Bb4 7. Bd3 d5 8. Nd2
Bg4 9. f3 Be6 10. O-O Nc6 11. exd5 Nxd5 12. Nxd5 Bxd5 13. Ne4 Be7 14. Be3 O-O
15. Nc3 Be6 16. Be4 f5 17. Qxd8 Rfxd8 18. Bxc6 bxc6 19. Rad1 Kf7 20. a3 Rdb8 21.
Bc1 Rb7 22. b3 Rab8 23. Rfe1 Bf6 24. Bb2 Bxb3 25. cxb3 Rxb3 26. Ba1 Rxa3 27. Ne2
Rb5 28. Ng3 Ke6 29. Rd2 Rd5 30. Rxd5 cxd5 31. Rb1 d4 32. Nh5 Kd5 33. Nxf6+ gxf6
34. Kf1 Ra2 35. Rd1 Rc2 36. Rb1 Ra2 37. Rd1 h5 38. h4 a5 39. Rb1 a4 40. Bb2 Kc4
41. Bc1 f4 42. Bb2 d3 43. Ke1 a3 44. Bc1 Rxg2 45. Bd2 Rg1+ 0-1

[Event "FIDE World Rapid Team"]
[Site "Almaty KAZ"]
[Date "2024.08.02"]
[Round "1.43"]
[White "Saduakassov, Duman"]
[Black "Wageih, Kareim"]
[Result "0-1"]
[BlackTitle "IM"]
[WhiteElo "1842"]
[BlackElo "2402"]
[WhiteTeam "Abai's Gambit Pioneers"]
[BlackTeam "Egypt"]
[WhiteFideId "13721895"]
[BlackFideId "10604561"]
[EventDate "2024.08.02"]

1. d4 Nf6 2. Nc3 d5 3. Bf4 c5 4. e4 dxe4 5. d5 g6 6. Nge2 Bg7 7. Ng3 O-O 8. Qd2
Qa5 9. Ngxe4 Nxe4 10. Nxe4 Qxd2+ 11. Bxd2 Bxb2 12. Rb1 Bd4 13. c3 Bg7 14. Nxc5
b6 15. Ne4 Bf5 16. f3 Nd7 17. Be2 Rac8 18. Rb3 Rfd8 19. g4 Bxe4 20. fxe4 Nc5 21.
Rb4 a5 22. Rxb6 Nxe4 23. c4 Nd6 24. Bxa5 Nxc4 25. Bxc4 Rxc4 26. Rc6 Re4+ 27. Kf2
Bd4+ 28. Kf3 Re3+ 29. Kg2 Rxd5 30. Bc7 Be5 31. Bxe5 Rd2+ 32. Kf1 Rxe5 33. Rg1
Rb5 34. Rc1 Rbb2 35. h3 Rxa2 36. Rh1 Kg7 37. Ke1 e5 38. Rc6 Rdb2 39. Rc1 e4 40.
h4 Re2+ 41. Kf1 Rg2 42. g5 Rh2 43. Kg1 Rag2+ 0-1

[Event "FIDE World Rapid Team"]
[Site "Almaty KAZ"]
[Date "2024.08.02"]
[Round "1.44"]
[White "Wafa, Hamed"]
[Black "Serikgali Daulet"]
[Result "1-0"]
[WhiteTitle "IM"]
[WhiteElo "2345"]
[BlackElo "1571"]
[WhiteTeam "Egypt"]
[BlackTeam "Abai's Gambit Pioneers"]
[WhiteFideId "10628452"]
[BlackFideId "13780468"]
[EventDate "2024.08.02"]

1. e4 c5 2. Nc3 Nc6 3. Nf3 e6 4. d4 cxd4 5. Nxd4 Nf6 6. g3 d6 7. Bg2 Be7 8. Nxc6
bxc6 9. e5 Nd5 10. exd6 Qxd6 11. O-O O-O 12. Ne4 Qc7 13. c4 Nf6 14. Be3 Ba6 15.
Qa4 Bb7 16. Rad1 Rfd8 17. Nc5 Bxc5 18. Bxc5 Nd7 19. Bd6 Qb6 20. Be7 Nc5 21.
Rxd8+ Rxd8 22. Bxd8 Qxd8 23. Qxa7 h5 24. Qxc5 1-0

[Event "FIDE World Rapid Team"]
[Site "Almaty KAZ"]
[Date "2024.08.02"]
[Round "1.46"]
[White "Sameh Mohamed, Abdalrahman"]
[Black "Kalikhan, Abilmansur"]
[Result "1-0"]
[WhiteElo "2259"]
[BlackElo "1670"]
[WhiteTeam "Egypt"]
[BlackTeam "Abai's Gambit Pioneers"]
[WhiteFideId "54262674"]
[BlackFideId "447010908"]
[EventDate "2024.08.02"]

1. e4 e6 2. d4 d5 3. e5 c5 4. c3 Nc6 5. Nf3 Qb6 6. Be2 Bd7 7. O-O cxd4 8. cxd4
Nge7 9. Nc3 Nf5 10. Na4 Qa5 11. Bd2 Bb4 12. Bxb4 Qxb4 13. a3 Qe7 14. Rc1 b6 15.
Bb5 Na5 16. Rc7 Bxb5 17. Rxe7+ Kxe7 18. Re1 h5 19. Nc3 Bd7 20. Qb1 Nb3 21. Nxd5+
exd5 22. e6 Bxe6 23. Qxf5 Rad8 24. Ng5 Nxd4 25. Qxf7+ Kd6 26. Qxg7 Rhe8 27. Qxd4
Bg4 28. Nf7+ Kc6 29. Nxd8+ 1-0

[Event "FIDE World Rapid Team"]
[Site "Almaty KAZ"]
[Date "2024.08.02"]
[Round "1.47"]
[White "Kiribayeva, Togzhan"]
[Black "Wafa, Shrook"]
[Result "0-1"]
[BlackTitle "WGM"]
[WhiteElo "1544"]
[BlackElo "2137"]
[WhiteTeam "Abai's Gambit Pioneers"]
[BlackTeam "Egypt"]
[WhiteFideId "13739263"]
[BlackFideId "10609970"]
[EventDate "2024.08.02"]

1. e4 c5 2. Nc3 Nc6 3. g3 g6 4. Bg2 Bg7 5. Nge2 d6 6. O-O Nf6 7. d3 O-O 8. h3
Rb8 9. Be3 b5 10. Qd2 b4 11. Nd1 Re8 12. f4 Qc7 13. f5 Ne5 14. g4 Bb7 15. Ng3
Red8 16. Bh6 d5 17. Bxg7 Kxg7 18. g5 Ne8 19. f6+ Kg8 20. Qf4 dxe4 21. dxe4 c4
22. Kh1 c3 23. bxc3 bxc3 24. Ne3 e6 25. Ng4 Nxg4 26. Qxg4 Rd2 27. Rac1 Rbd8 28.
Ne2 Qe5 29. h4 h5 30. Qf3 Nd6 31. Qxc3 Qxc3 32. Nxc3 Nc4 33. Rfe1 Kf8 34. Rcd1
Ke8 35. Rb1 Bc6 36. Rbc1 Na3 37. Re2 Rxe2 38. Nxe2 Rd2 39. Nf4 Rxc2 40. Rxc2
Nxc2 41. Nd3 Ne3 42. Bf3 Nc4 43. Nc5 a5 44. Bg2 Ne5 45. Nb3 a4 46. Nd4 Kd7 47.
Kh2 Bb7 48. Kg3 Kd6 49. Ne2 Kc5 50. Kf4 Nc4 51. Nc1 e5+ 52. Kf3 Kd4 53. Ne2+ Kd3
54. Ng3 Nd2+ 55. Kf2 Nxe4+ 56. Nxe4 Bxe4 57. Bf1+ Kd4 58. Bb5 a3 59. Ba4 Bd5 60.
Ke2 Bxa2 61. Kd2 Bd5 62. Kc2 e4 63. Bb5 e3 64. Be2 Bc4 65. Bf3 e2 66. Bxe2 Bxe2
67. Kb3 Ke4 68. Kxa3 Bc4 69. Kb4 Be6 70. Kc5 Kf4 71. Kd6 Kg4 72. Ke5 Kxh4 73.
Kf4 Bb3 74. Ke5 Kxg5 75. Ke4 Kxf6 76. Kf4 g5+ 77. Kf3 Ke5 0-1

[Event "FIDE World Rapid Team"]
[Site "Almaty KAZ"]
[Date "2024.08.02"]
[Round "1.48"]
[White "Allam, Yara"]
[Black "Amangaliyev, Dauletkhan"]
[Result "1-0"]
[WhiteTitle "WCM"]
[WhiteElo "1920"]
[BlackElo "1531"]
[WhiteTeam "Egypt"]
[BlackTeam "Abai's Gambit Pioneers"]
[WhiteFideId "10615709"]
[BlackFideId "447022361"]
[EventDate "2024.08.02"]

1. e4 c6 2. d4 Nf6 3. Bd3 d5 4. e5 Nfd7 5. e6 Nf6 6. exf7+ Kxf7 7. Nf3 h6 8.
Ne5+ Kg8 9. O-O Nbd7 10. f4 Nxe5 11. fxe5 Nh7 12. Bg6 Be6 13. Qf3 Ng5 14. Bxg5
hxg5 15. Bf7+ Bxf7 16. Qxf7+ Kh7 17. Rf3 g4 18. Rf5 1-0

[Event "FIDE World Rapid Team"]
[Site "Almaty KAZ"]
[Date "2024.08.02"]
[Round "2.1"]
[White "Nepomniachtchi, Ian"]
[Black "Sindarov, Javokhir"]
[Result "1/2-1/2"]
[WhiteTitle "GM"]
[BlackTitle "GM"]
[WhiteElo "2767"]
[BlackElo "2674"]
[WhiteTeam "WR Chess Team"]
[BlackTeam "Royal Chess"]
[WhiteFideId "4168119"]
[BlackFideId "14205483"]
[EventDate "2024.08.02"]

1. c4 e6 2. Nc3 d5 3. d4 Nf6 4. cxd5 exd5 5. Bg5 Be7 6. e3 O-O 7. Bd3 Re8 8.
Nge2 c6 9. O-O a5 10. a3 Nbd7 11. h3 b5 12. Bf4 Bf8 13. Rc1 Qb6 14. a4 b4 15.
Nb1 Ba6 16. Bxa6 Qxa6 17. Nd2 c5 18. dxc5 Nxc5 19. Nd4 Rac8 20. N2b3 Nxa4 21.
Rxc8 Rxc8 22. Qa1 Nc5 23. Qxa5 Qxa5 24. Nxa5 Nd3 25. Nac6 Nxb2 26. Bg5 Nc4 27.
Bxf6 gxf6 28. Rb1 Ne5 29. Na5 Ra8 30. Nab3 Ra2 31. Nc1 Rd2 32. Ncb3 Ra2 33. Nc1
Ra3 34. Nce2 Nd3 35. Nc1 Nc5 36. Nc2 Ra5 37. Rxb4 Ne6 38. Rb2 Bd6 39. g3 Be5 40.
Rb1 d4 41. f4 Rc5 42. Ne1 Bd6 43. Ncd3 Rc3 44. e4 Nc5 45. Nxc5 Bxc5 46. Kg2 Re3
47. Rc1 Rxe4 48. Nd3 Bd6 49. Rd1 Re3 50. Nf2 Bc5 51. Ng4 Re6 52. Nh6+ Kg7 53.
Nf5+ Kg6 54. g4 Ra6 55. Rc1 Ra5 56. Kf3 d3 57. Rd1 Ra3 58. Ke4 Ra4+ 59. Kf3 Ra3
60. Nh4+ Kg7 61. Ke4 Ra4+ 62. Kf3 Ra3 63. Nf5+ Kg6 64. Nh4+ 1/2-1/2

[Event "FIDE World Rapid Team"]
[Site "Almaty KAZ"]
[Date "2024.08.02"]
[Round "2.3"]
[White "Praggnanandhaa, R"]
[Black "Vokhidov, Shamsiddin"]
[Result "1-0"]
[WhiteTitle "GM"]
[BlackTitle "GM"]
[WhiteElo "2749"]
[BlackElo "2643"]
[WhiteTeam "WR Chess Team"]
[BlackTeam "Royal Chess"]
[WhiteFideId "25059530"]
[BlackFideId "14204223"]
[EventDate "2024.08.02"]

1. e4 e5 2. Nf3 Nc6 3. Bc4 Bc5 4. d3 Nf6 5. O-O O-O 6. Nbd2 d6 7. c3 a5 8. h3
Be6 9. Bb5 Ba7 10. Re1 Ne7 11. d4 Ng6 12. Nf1 c6 13. Bd3 Nh5 14. Bc2 Nhf4 15.
Ng3 Qd7 16. Nf5 f6 17. Be3 d5 18. dxe5 fxe5 19. Ng5 h6 20. Nxe6 Qxe6 21. Qg4 Qf6
22. Rad1 h5 23. Qg3 Kh8 24. Rd2 Bb8 25. Qf3 Qg5 26. Qg3 Qf6 27. h4 Bc7 28. Qg5
Qxg5 29. hxg5 Rad8 30. Red1 dxe4 31. Bxe4 Nd5 32. Bc5 Rfe8 33. c4 Nb6 34. Nd6 1-0

[Event "FIDE World Rapid Team"]
[Site "Almaty KAZ"]
[Date "2024.08.02"]
[Round "2.5"]
[White "Kosteniuk, Alexandra"]
[Black "Nurman, Alua"]
[Result "1-0"]
[WhiteTitle "GM"]
[BlackTitle "WIM"]
[WhiteElo "2488"]
[BlackElo "2324"]
[WhiteTeam "WR Chess Team"]
[BlackTeam "Royal Chess"]
[WhiteFideId "4128125"]
[BlackFideId "13729390"]
[EventDate "2024.08.02"]

1. e4 c5 2. Nf3 d6 3. d4 cxd4 4. Qxd4 Nf6 5. Nc3 Nc6 6. Qd3 g6 7. Be2 Bg7 8. O-O
O-O 9. Nd5 Bg4 10. c3 Bxf3 11. Qxf3 Nxd5 12. exd5 Ne5 13. Qe4 a6 14. a4 Rc8 15.
Bg5 h6 16. Be3 Nd7 17. h4 Nf6 18. Qd3 Qd7 19. Rfe1 h5 20. Bg5 Rfe8 21. Bd1 Rc5
22. Bb3 Ng4 23. Qe2 Qf5 24. Rad1 Qd7 25. f3 Ne5 26. Be3 Rcc8 27. a5 Qb5 28. Qxb5
axb5 29. Bg5 Bf6 30. Re4 Ra8 31. Ra1 Nd3 32. Bc2 Nxb2 33. Bxf6 exf6 34. Rb4 Nc4
35. Rxb5 Re3 36. Bb3 Nd2 37. Rxb7 Rxc3 38. Bd1 Rcc8 39. a6 Nc4 40. a7 Ne3 41.
Bb3 Kf8 42. Kf2 Nf5 43. Ba4 Ne7 44. Bc6 Nxc6 45. dxc6 Ke8 46. Re1+ Kf8 47. c7 d5
48. Rb8 1-0